Best Engineering Colleges - Statistics

General Stats
  • This quiz has been taken 10 times
  • The average score is 18 of 50
Answer Stats
Country College % Correct
1 United States Massachusetts Institute of Technology
90%
14 United States Caltech
80%
2 United States Stanford
80%
9 United States Harvard
70%
4 United Kingdom Oxford
70%
18 Japan The University of Tokyo
70%
6 United States University of California Berkeley
70%
27 United States University of Texas
70%
17 Canada University of Toronto
70%
5 United Kingdom Cambridge
60%
15 United States Georgia Tech
60%
48 United States Michigan
60%
37 United States Princeton
60%
24 United Kingdom UCL
60%
26 United States UCLA
60%
30 United Kingdom The University of Manchester
50%
44 Australia University of Melbourne
50%
45 Australia University of Sydney
50%
19 United States Carnegie Mellon
40%
34 United States Cornell
40%
49 Japan Kyoto University
40%
36 United States Purdue
40%
47 Mexico Tecnologico de Monterrey
40%
7 United Kingdom Imperial College London
30%
40 Canada McGill University
30%
50 Australia Monash University
30%
11 China Tsinghua
30%
12 Switzerland EPFL
20%
3 Switzerland ETH Zurich
20%
39 Hong Kong Hong Kong University of Science and Technology
20%
32 Sweden KTH Royal Institute of Technology
20%
8 Singapore National University of Singapore
20%
23 South Korea Seoul National University
20%
46 United States Texas A&M
20%
29 Canada University of British Columbia
20%
33 Australia University of New South Wales
20%
38 Canada University of Waterloo
20%
13 Netherlands Delft University of Technology
10%
35 India Indian Institute of Technology Delhi
10%
28 France Institut Polytechnique de Paris
10%
42 Germany KIT
10%
10 Singapore Nanyang Technology University
10%
21 China Peking University
10%
20 Italy Politecnico de Milano
10%
22 China Shanghai Jiao Tong University
10%
16 Germany Technical University of Munich
10%
43 Germany TU Berlin
10%
25 United States University of Illinois
10%
31 China Zhejiang University
10%
41 India Indian University of Technology Bombay
0%
No matching quizzes found
Score Distribution
Percent of People with Each Score
Percentile by Number Answered
Your Score History
You have not taken this quiz